[Event "Cali op-C 11th"]
[Site "Cali"]
[Date "2009.12.28"]
[Round "5.2"]
[White "Polo, Dario Armando"]
[Black "Rivas, Jackson"]
[Result "0-1"]
[WhiteElo "1616"]
[BlackElo "1696"]
[PlyCount "54"]
[EventDate "2009.12.26"]
[EventType "swiss"]
[EventRounds "8"]
[EventCountry "COL"]
[SourceTitle "EXT 2024"]
[Source "ChessBase"]
[SourceDate "2023.10.10"]
[SourceVersion "1"]
[SourceVersionDate "2023.10.10"]
[SourceQuality "1"]

1. e4 g6 2. Nf3 Bg7 3. d3 d6 4. g3 c5 5. Bg2 Nc6 6. 0-0 Nf6 7. c3 0-0 8. Re1 Bd7 9. d4 cxd4 10. cxd4 Qb6 11. Nc3 Bg4 12. Na4 Qb4 13. d5 Ne5 14. Nc3 Rac8 15. h3 Nxf3+ 16. Bxf3 Bxf3 17. Qxf3 Nd7 18. a3 Qc4 19. Bg5 Rfe8 20. Qe3 Bd4 21. Qe2 Ne5 22. Be3 Bxc3 23. bxc3 Qxe4 24. Bxa7 Qxd5 25. Red1 Qc6 26. Bd4 Nf3+ 27. Kf1 Nxd4 0-1

[Event "Cali op-C 11th"]
[Site "Cali"]
[Date "2009.12.27"]
[Round "2.1"]
[White "Rivas, Jackson"]
[Black "Andrade, Juan Antonio"]
[Result "1-0"]
[WhiteElo "1696"]
[BlackElo "1600"]
[PlyCount "65"]
[EventDate "2009.12.26"]
[EventType "swiss"]
[EventRounds "8"]
[EventCountry "COL"]
[SourceTitle "EXT 2024"]
[Source "ChessBase"]
[SourceDate "2023.10.10"]
[SourceVersion "1"]
[SourceVersionDate "2023.10.10"]
[SourceQuality "1"]

1. d4 d5 2. Nf3 e6 3. e3 Nf6 4. Bd3 Be7 5. 0-0 0-0 6. b3 Bd7 7. Bb2 Ne4 8. c4 f5 9. Nc3 Nc6 10. Rc1 Nb4 11. Bb1 a5 12. Ne5 Be8 13. Nxe4 fxe4 14. Qg4 Rf6 15. f3 Nd3 16. Nxd3 exd3 17. Bxd3 b6 18. e4 Rg6 19. Qh3 Bd7 20. e5 Rh6 21. Qg3 Be8 22. f4 Bg6 23. cxd5 Bxd3 24. Qxd3 exd5 25. Rf3 c5 26. Rcf1 Rc8 27. dxc5 Bxc5+ 28. Kh1 d4 29. Qe4 Rcc6 30. Bc1 Rh4 31. Qxc6 Kh8 32. Rh3 Rxh3 33. gxh3 1-0